Champion du Monde -Spécial Sport - Statistiques

Statistiques générales
  • Ce quiz a été pris 147 fois
  • Le résultat moyen est 5 sur 7
Statistiques - réponses
Hint Réponse % Correct
vitesse en 100m sprint Usain Bolt
94%
8ballon d'or football Lionel Messi
85%
3cdm de football Pelé
79%
Le plus de médaille au jo Michael Pheps
77%
11 titres NBA Bill Russell
71%
vitesse en 100m haies Kendra Harrison
41%
vitesse en 50m nage libre César Cielo Filho
29%
Aucun quiz correspondant
Distribution des résultats
% des personnes avec chaque résultat
Percentile par nombre de réponses
Votre historique - résultats
Vous n’avez pas pris ce quiz